[Event "Portugal Open Semirrapidas"]
[Site "Lisboa POR"]
[Date "2020.02.02"]
[Round "4.18"]
[White "FROIS, Antonio"]
[Black "ATAKAY, Mustafa"]
[Result "1-0"]
[BlackElo "1892"]
[WhiteElo "2357"]
[LiveChessVersion "1.4.8"]

1. e4 {[%clk 0:15:08]} c6 {[%clk 0:15:09]} 2. Nc3 {[%clk 0:14:57]} d5
{[%clk 0:15:04]} 3. d4 {[%clk 0:14:58]} dxe4 {[%clk 0:15:02]} 4. Nxe4
{[%clk 0:15:02]} Nf6 {[%clk 0:15:05]} 5. Nxf6+ {[%clk 0:15:03]} exf6
{[%clk 0:15:09]} 6. c3 {[%clk 0:15:02]} Bd6 {[%clk 0:15:11]} 7. Bd3
{[%clk 0:15:02]} O-O {[%clk 0:15:14]} 8. Ne2 {[%clk 0:14:48]} Re8
{[%clk 0:15:11]} 9. O-O {[%clk 0:14:48]} Qc7 {[%clk 0:15:12]} 10. h3
{[%clk 0:14:45]} Nd7 {[%clk 0:15:11]} 11. Be3 {[%clk 0:14:49]} Nf8
{[%clk 0:15:13]} 12. c4 {[%clk 0:14:46]} c5 {[%clk 0:15:16]} 13. Qd2
{[%clk 0:14:33]} Bd7 {[%clk 0:13:44]} 14. Rfe1 {[%clk 0:14:10]} Ng6
{[%clk 0:13:31]} 15. Bxg6 {[%clk 0:13:50]} hxg6 {[%clk 0:13:35]} 16. dxc5
{[%clk 0:13:54]} Be5 {[%clk 0:13:38]} 17. Nc3 {[%clk 0:12:45]} g5
{[%clk 0:12:38]} 18. Nd5 {[%clk 0:12:45]} Qc8 {[%clk 0:12:12]} 19. Bd4
{[%clk 0:12:22]} Bxd4 {[%clk 0:10:15]} 20. Qxd4 {[%clk 0:11:26]} Be6
{[%clk 0:10:18]} 21. b4 {[%clk 0:11:24]} Qd8 {[%clk 0:09:34]} 22. Rad1
{[%clk 0:11:25]} f5 {[%clk 0:09:25]} 23. Qc3 {[%clk 0:11:19]} Qb8
{[%clk 0:09:22]} 24. Re5 {[%clk 0:11:07]} Kf8 {[%clk 0:08:48]} 25. Rde1
{[%clk 0:11:06]} Rd8 {[%clk 0:08:49]} 26. Qg3 {[%clk 0:10:42]} g4
{[%clk 0:07:44]} 27. hxg4 {[%clk 0:10:37]} fxg4 {[%clk 0:07:46]} 28. Qh4
{[%clk 0:10:36]} Kg8 {[%clk 0:07:42]} 29. Rh5 {[%clk 0:10:27]} 1-0

[Event "Portugal Open Semirrapidas"]
[Site "Lisboa POR"]
[Date "2020.02.02"]
[Round "4.19"]
[White "PIPIRAS, Filipa Fortuna"]
[Black "LEKIC, Dusan"]
[Result "0-1"]
[BlackElo "2357"]
[WhiteElo "1911"]
[LiveChessVersion "1.4.8"]

1. d4 {[%clk 0:15:07]} Nf6 {[%clk 0:15:08]} 2. c4 {[%clk 0:15:09]} e6
{[%clk 0:15:08]} 3. Nc3 {[%clk 0:15:11]} Bb4 {[%clk 0:15:15]} 4. e3
{[%clk 0:15:13]} O-O {[%clk 0:15:13]} 5. Bd3 {[%clk 0:15:14]} d5 {[%clk 0:15:15]}
6. Nf3 {[%clk 0:15:11]} c5 {[%clk 0:15:16]} 7. O-O {[%clk 0:15:00]} cxd4
{[%clk 0:15:05]} 8. exd4 {[%clk 0:14:59]} dxc4 {[%clk 0:15:05]} 9. Bxc4
{[%clk 0:14:59]} b6 {[%clk 0:15:05]} 10. a3 {[%clk 0:14:46]} Bxc3
{[%clk 0:14:49]} 11. bxc3 {[%clk 0:14:48]} Qc7 {[%clk 0:14:36]} 12. Qe2
{[%clk 0:14:19]} Bb7 {[%clk 0:14:26]} 13. Ne5 {[%clk 0:13:46]} Nbd7
{[%clk 0:13:46]} 14. Nxd7 {[%clk 0:13:15]} Qxd7 {[%clk 0:13:26]} 15. Bd3
{[%clk 0:12:45]} Rac8 {[%clk 0:13:01]} 16. Bd2 {[%clk 0:12:30]} Rfe8
{[%clk 0:12:06]} 17. Rfd1 {[%clk 0:11:38]} Qd5 {[%clk 0:10:31]} 18. f3
{[%clk 0:11:16]} e5 {[%clk 0:10:28]} 19. Qf2 {[%clk 0:09:02]} e4 {[%clk 0:09:55]}
20. fxe4 Nxe4 {[%clk 0:09:57]} 21. Bxe4 {[%clk 0:07:49]} Rxe4 {[%clk 0:09:57]}
22. h3 {[%clk 0:07:03]} Rc6 {[%clk 0:08:09]} 23. Kh1 {[%clk 0:02:45]} h5
{[%clk 0:07:39]} 24. Rg1 {[%clk 0:02:26]} Rg6 {[%clk 0:07:06]} 25. Raf1
{[%clk 0:01:55]} Qe6 {[%clk 0:06:44]} 26. Qf3 {[%clk 0:00:22]} Rh4
{[%clk 0:06:30]} 27. Qxb7 {[%clk 0:00:22]} Rxh3+ {[%clk 0:06:33]} 28. gxh3
{[%clk 0:00:25]} Qxh3# {[%clk 0:06:36]} 0-1

[Event "Portugal Open Semirrapidas"]
[Site "Lisboa POR"]
[Date "2020.02.02"]
[Round "4.20"]
[White "ASADLI, Vugar"]
[Black "TAYLOR, Robert Graham"]
[Result "1-0"]
[BlackElo "1907"]
[WhiteElo "2273"]
[LiveChessVersion "1.4.8"]

1. e4 {[%clk 0:15:08]} c5 {[%clk 0:15:08]} 2. Nc3 {[%clk 0:15:11]} Nc6
{[%clk 0:15:06]} 3. Bb5 {[%clk 0:15:13]} e6 {[%clk 0:14:44]} 4. Nf3
{[%clk 0:15:07]} a6 {[%clk 0:13:47]} 5. Bxc6 {[%clk 0:15:02]} bxc6
{[%clk 0:13:50]} 6. O-O {[%clk 0:14:55]} d5 {[%clk 0:13:46]} 7. d3
{[%clk 0:14:54]} Nf6 {[%clk 0:13:35]} 8. Qe2 {[%clk 0:14:54]} Be7
{[%clk 0:13:27]} 9. b3 {[%clk 0:14:58]} O-O {[%clk 0:13:10]} 10. Na4
{[%clk 0:14:53]} Nd7 {[%clk 0:11:53]} 11. c4 {[%clk 0:14:55]} d4 {[%clk 0:11:38]}
12. e5 {[%clk 0:14:48]} f5 {[%clk 0:09:34]} 13. exf6 {[%clk 0:14:34]} Nxf6
{[%clk 0:09:36]} 14. Ba3 {[%clk 0:14:33]} Nh5 {[%clk 0:08:59]} 15. Bxc5
{[%clk 0:14:12]} Nf4 {[%clk 0:08:43]} 16. Qe4 {[%clk 0:14:15]} Bxc5
{[%clk 0:07:57]} 17. Nxc5 {[%clk 0:14:19]} Qf6 {[%clk 0:07:58]} 18. Qe5
{[%clk 0:13:48]} Nh3+ {[%clk 0:06:50]} 19. Kh1 {[%clk 0:13:34]} Nxf2+
{[%clk 0:05:59]} 20. Kg1 {[%clk 0:13:37]} Ng4 {[%clk 0:05:33]} 21. Qxf6
{[%clk 0:13:40]} Nxf6 {[%clk 0:05:25]} 22. Nxd4 {[%clk 0:13:42]} e5
{[%clk 0:05:16]} 23. Nxc6 {[%clk 0:13:44]} Bg4 {[%clk 0:05:13]} 24. Nxe5
{[%clk 0:13:47]} Rae8 {[%clk 0:04:56]} 25. Rxf6 {[%clk 0:13:45]} Rxf6
{[%clk 0:04:45]} 26. Nxg4 {[%clk 0:13:47]} Rf5 {[%clk 0:04:45]} 27. Ne4
{[%clk 0:13:49]} Rd8 {[%clk 0:04:44]} 28. Ngf2 {[%clk 0:13:52]} g5
{[%clk 0:04:40]} 29. Rd1 {[%clk 0:13:55]} h6 {[%clk 0:04:44]} 30. d4
{[%clk 0:13:58]} h5 {[%clk 0:04:35]} 31. d5 {[%clk 0:14:02]} g4 {[%clk 0:04:39]}
32. d6 {[%clk 0:14:07]} Rf4 {[%clk 0:04:28]} 33. Rd5 {[%clk 0:14:10]} h4
{[%clk 0:04:16]} 34. Nxg4 {[%clk 0:14:13]} Rdf8 {[%clk 0:04:11]} 35. Ngf6+
{[%clk 0:14:16]} Kg7 {[%clk 0:04:05]} 36. d7 {[%clk 0:14:19]} R4xf6
{[%clk 0:04:06]} 37. Nxf6 {[%clk 0:14:22]} Kxf6 {[%clk 0:04:05]} 38. d8=Q+
{[%clk 0:14:23]} Rxd8 {[%clk 0:04:09]} 39. Rxd8 {[%clk 0:14:27]} 1-0

[Event "Portugal Open Semirrapidas"]
[Site "Lisboa POR"]
[Date "2020.02.02"]
[Round "4.21"]
[White "ULYANOVSKYY, Viktor"]
[Black "MORAIS, Vitor"]
[Result "1-0"]
[BlackElo "1883"]
[WhiteElo "2236"]
[LiveChessVersion "1.4.8"]

1. e4 {[%clk 0:15:09]} c6 {[%clk 0:15:08]} 2. e5 {[%clk 0:15:13]} d5
{[%clk 0:15:11]} 3. exd6 {[%clk 0:15:17]} Qxd6 {[%clk 0:15:14]} 4. Nf3
{[%clk 0:15:21]} Bg4 {[%clk 0:15:17]} 5. Be2 {[%clk 0:15:25]} e6 {[%clk 0:15:18]}
6. h3 {[%clk 0:15:29]} Bxf3 {[%clk 0:15:15]} 7. Bxf3 {[%clk 0:15:33]} Nf6
{[%clk 0:15:18]} 8. O-O {[%clk 0:15:36]} Be7 {[%clk 0:15:21]} 9. d4
{[%clk 0:15:37]} O-O {[%clk 0:15:24]} 10. c3 {[%clk 0:15:38]} Nbd7
{[%clk 0:15:26]} 11. Nd2 {[%clk 0:15:40]} Qc7 {[%clk 0:15:26]} 12. a4
{[%clk 0:15:35]} a5 {[%clk 0:15:30]} 13. Re1 {[%clk 0:15:14]} Rfd8
{[%clk 0:15:33]} 14. Qe2 {[%clk 0:15:10]} Nf8 {[%clk 0:15:37]} 15. Nc4
{[%clk 0:15:08]} Ng6 {[%clk 0:15:39]} 16. g3 {[%clk 0:15:01]} Rac8
{[%clk 0:15:41]} 17. h4 {[%clk 0:14:39]} h6 {[%clk 0:15:45]} 18. h5
{[%clk 0:14:38]} Nf8 {[%clk 0:15:48]} 19. Bf4 {[%clk 0:14:42]} Bd6
{[%clk 0:15:13]} 20. Nxd6 {[%clk 0:14:35]} Rxd6 {[%clk 0:15:17]} 21. Bxd6
{[%clk 0:14:29]} Qxd6 {[%clk 0:15:21]} 22. Qe5 {[%clk 0:14:33]} Qd8
{[%clk 0:15:22]} 23. Rab1 {[%clk 0:12:59]} N8h7 {[%clk 0:15:25]} 24. b4
{[%clk 0:12:41]} Ng5 {[%clk 0:15:28]} 25. Bg2 {[%clk 0:12:43]} axb4
{[%clk 0:15:32]} 26. Rxb4 {[%clk 0:12:48]} b6 {[%clk 0:15:30]} 27. Reb1
{[%clk 0:12:44]} Nd5 {[%clk 0:15:32]} 28. R4b3 {[%clk 0:12:31]} c5
{[%clk 0:15:28]} 29. dxc5 {[%clk 0:12:29]} bxc5 {[%clk 0:15:32]} 30. Rb8
{[%clk 0:12:18]} f6 {[%clk 0:15:35]} 31. Rxc8 {[%clk 0:12:22]} Qxc8
{[%clk 0:15:38]} 32. Qb8 {[%clk 0:12:22]} Qxb8 {[%clk 0:15:36]} 33. Rxb8+
{[%clk 0:12:26]} Kh7 {[%clk 0:15:38]} 34. a5 {[%clk 0:12:02]} Nxc3
{[%clk 0:15:42]} 35. Rb4 1-0

[Event "Portugal Open Semirrapidas"]
[Site "Lisboa POR"]
[Date "2020.02.02"]
[Round "4.22"]
[White "MARQUES, Rui"]
[Black "MARTINS, Bruno"]
[Result "1/2-1/2"]
[BlackElo "2235"]
[WhiteElo "1896"]
[LiveChessVersion "1.4.8"]

1. d4 {[%clk 0:15:07]} Nf6 {[%clk 0:15:06]} 2. Nf3 {[%clk 0:15:11]} g6
{[%clk 0:15:09]} 3. Bg5 {[%clk 0:15:14]} Bg7 {[%clk 0:15:13]} 4. Nbd2
{[%clk 0:15:08]} O-O {[%clk 0:15:04]} 5. c3 {[%clk 0:15:12]} d6 {[%clk 0:14:53]}
6. e4 {[%clk 0:15:15]} Nbd7 {[%clk 0:14:32]} 7. Bd3 {[%clk 0:14:57]} e5
{[%clk 0:14:20]} 8. O-O {[%clk 0:14:43]} h6 {[%clk 0:13:42]} 9. Bh4
{[%clk 0:14:39]} c6 {[%clk 0:12:33]} 10. h3 {[%clk 0:13:38]} Qe7 {[%clk 0:11:06]}
11. Re1 {[%clk 0:13:01]} b6 {[%clk 0:10:18]} 12. a4 {[%clk 0:09:23]} Rb8
{[%clk 0:10:00]} 13. Qc2 {[%clk 0:09:14]} Re8 {[%clk 0:09:24]} 14. Nc4
{[%clk 0:08:45]} Qf8 {[%clk 0:08:21]} 15. Bg3 {[%clk 0:08:38]} Nh5
{[%clk 0:07:55]} 16. Bh2 {[%clk 0:08:41]} Qe7 {[%clk 0:06:33]} 17. Bf1
{[%clk 0:07:53]} Nf8 {[%clk 0:05:08]} 18. Rad1 {[%clk 0:06:33]} f6
{[%clk 0:03:47]} 19. dxe5 {[%clk 0:04:39]} dxe5 {[%clk 0:03:50]} 20. Nd6
{[%clk 0:04:14]} Rd8 {[%clk 0:03:14]} 21. Nxc8 {[%clk 0:03:28]} Rbxc8
{[%clk 0:02:55]} 22. Bc4+ {[%clk 0:03:11]} Kh7 {[%clk 0:02:51]} 23. Rxd8
{[%clk 0:03:14]} Rxd8 {[%clk 0:02:54]} 24. Rd1 {[%clk 0:03:17]} Rxd1+
{[%clk 0:02:02]} 25. Qxd1 {[%clk 0:03:21]} Ne6 {[%clk 0:02:05]} 26. Ba2
{[%clk 0:02:46]} Nc5 {[%clk 0:01:28]} 27. Qe2 {[%clk 0:02:50]} Qd8
{[%clk 0:00:47]} 28. g4 {[%clk 0:02:53]} Nf4 {[%clk 0:00:49]} 29. Bxf4
{[%clk 0:02:57]} exf4 {[%clk 0:00:53]} 30. Qc4 {[%clk 0:02:51]} Nd3
{[%clk 0:00:26]} 31. Nd4 {[%clk 0:01:42]} Ne5 {[%clk 0:00:28]} 32. Qe6
{[%clk 0:01:38]} c5 {[%clk 0:00:32]} 33. Nc6 {[%clk 0:01:08]} Qd1+
{[%clk 0:00:21]} 34. Kh2 {[%clk 0:01:12]} Nf3+ {[%clk 0:00:21]} 35. Kg2
{[%clk 0:01:15]} Ne1+ {[%clk 0:00:13]} 36. Kh2 {[%clk 0:01:12]} Nf3+
{[%clk 0:00:15]} 37. Kg2 {[%clk 0:01:16]} Nh4+ {[%clk 0:00:11]} 38. Kh2
{[%clk 0:01:16]} Nf3+ {[%clk 0:00:12]} 39. Kg2 Nh4+ 40. Kh2 h5 1/2-1/2

[Event "Portugal Open Semirrapidas"]
[Site "Lisboa POR"]
[Date "2020.02.02"]
[Round "4.23"]
[White "SIMOES, John"]
[Black "ROCHA, Sergio"]
[Result "0-1"]
[BlackElo "2226"]
[WhiteElo "1887"]
[LiveChessVersion "1.4.8"]

1. e4 {[%clk 0:15:07]} c5 {[%clk 0:15:09]} 2. Nf3 {[%clk 0:15:11]} Nc6
{[%clk 0:15:13]} 3. Bb5 {[%clk 0:15:13]} g6 {[%clk 0:15:17]} 4. O-O
{[%clk 0:15:15]} Bg7 {[%clk 0:15:21]} 5. Re1 {[%clk 0:15:19]} Nf6
{[%clk 0:15:19]} 6. h3 {[%clk 0:15:20]} O-O {[%clk 0:15:22]} 7. c3
{[%clk 0:15:23]} d5 {[%clk 0:15:18]} 8. e5 {[%clk 0:15:03]} Ne8 {[%clk 0:15:18]}
9. d4 {[%clk 0:15:05]} cxd4 {[%clk 0:15:19]} 10. Bxc6 {[%clk 0:15:05]} bxc6
{[%clk 0:15:21]} 11. cxd4 {[%clk 0:15:08]} Qb6 {[%clk 0:15:10]} 12. Nc3
{[%clk 0:15:08]} Nc7 {[%clk 0:15:11]} 13. Na4 {[%clk 0:15:10]} Qb5
{[%clk 0:15:12]} 14. Nc5 {[%clk 0:15:08]} Ne6 {[%clk 0:15:09]} 15. a4
{[%clk 0:15:03]} Qb6 {[%clk 0:15:12]} 16. a5 {[%clk 0:15:04]} Qb5
{[%clk 0:15:14]} 17. Nxe6 {[%clk 0:15:03]} Bxe6 {[%clk 0:15:17]} 18. Qa4
{[%clk 0:15:01]} Rfc8 {[%clk 0:14:42]} 19. b4 {[%clk 0:14:43]} Rab8
{[%clk 0:14:30]} 20. Bd2 {[%clk 0:14:42]} Bf5 {[%clk 0:14:28]} 21. Rec1
{[%clk 0:14:40]} Bd3 {[%clk 0:14:21]} 22. Ne1 {[%clk 0:14:30]} Bc4
{[%clk 0:14:21]} 23. Nc2 {[%clk 0:14:24]} e6 {[%clk 0:14:17]} 24. Ne3
{[%clk 0:14:26]} Bd3 {[%clk 0:14:14]} 25. Rc3 {[%clk 0:14:18]} Bf8
{[%clk 0:14:12]} 26. Rb3 {[%clk 0:13:58]} Qa6 {[%clk 0:14:08]} 27. Rc1
{[%clk 0:13:43]} h5 {[%clk 0:14:06]} 28. Rcc3 {[%clk 0:13:19]} Be2
{[%clk 0:14:04]} 29. Rb1 {[%clk 0:13:19]} c5 {[%clk 0:13:43]} 30. Nc2
{[%clk 0:12:57]} Bb5 {[%clk 0:12:29]} 31. Qa1 {[%clk 0:12:52]} cxd4
{[%clk 0:11:58]} 32. Nxd4 {[%clk 0:12:44]} Rc4 {[%clk 0:11:57]} 33. Rxc4
{[%clk 0:12:36]} dxc4 {[%clk 0:11:59]} 34. Bc3 {[%clk 0:12:34]} Qb7
{[%clk 0:11:57]} 35. Qa2 {[%clk 0:12:10]} Qd5 {[%clk 0:11:52]} 36. Qe2
{[%clk 0:11:47]} Ba6 {[%clk 0:11:49]} 37. Qf3 {[%clk 0:11:31]} Bb7
{[%clk 0:11:15]} 38. Qxd5 {[%clk 0:11:34]} Bxd5 {[%clk 0:11:15]} 39. f3
{[%clk 0:11:32]} Be7 {[%clk 0:11:17]} 40. Kf2 {[%clk 0:11:30]} Kf8
{[%clk 0:11:21]} 41. g3 {[%clk 0:11:28]} h4 {[%clk 0:11:23]} 42. g4
{[%clk 0:11:30]} Bg5 {[%clk 0:11:22]} 43. Ne2 {[%clk 0:11:28]} Ke8
{[%clk 0:11:22]} 44. f4 {[%clk 0:11:30]} Be7 {[%clk 0:11:25]} 45. g5
{[%clk 0:11:28]} Kd7 {[%clk 0:11:27]} 46. Nd4 {[%clk 0:11:30]} a6
{[%clk 0:11:31]} 47. Rb2 {[%clk 0:11:19]} Kc7 {[%clk 0:11:34]} 48. Nc2
{[%clk 0:11:21]} Be4 {[%clk 0:11:23]} 49. Ne3 {[%clk 0:11:18]} Bd3
{[%clk 0:11:22]} 50. Ng2 {[%clk 0:11:18]} Kc6 {[%clk 0:11:23]} 51. Nxh4
{[%clk 0:11:17]} Kd5 {[%clk 0:10:58]} 52. Nf3 {[%clk 0:11:13]} Ke4
{[%clk 0:11:01]} 53. Nd2+ {[%clk 0:11:14]} Kxf4 {[%clk 0:11:04]} 54. h4
{[%clk 0:11:13]} Rh8 {[%clk 0:11:05]} 55. Nf3 {[%clk 0:11:14]} Rd8
{[%clk 0:10:54]} 56. b5 {[%clk 0:11:05]} Bc5+ {[%clk 0:10:58]} 57. Kg2
{[%clk 0:11:05]} Be4 {[%clk 0:11:00]} 58. bxa6 {[%clk 0:10:49]} Bxf3+
{[%clk 0:11:03]} 59. Kh2 {[%clk 0:10:51]} Rd1 {[%clk 0:11:02]} 60. Rg2
{[%clk 0:10:22]} Bxg2 {[%clk 0:11:01]} 61. Kxg2 {[%clk 0:10:26]} Rd3
{[%clk 0:11:03]} 62. Be1 {[%clk 0:10:27]} c3 {[%clk 0:10:59]} 63. Kf1
{[%clk 0:10:31]} c2 {[%clk 0:11:01]} 64. Ke2 {[%clk 0:10:35]} Rd1
{[%clk 0:11:01]} 65. Bd2+ {[%clk 0:10:34]} Ke4 {[%clk 0:11:04]} 66. a7
{[%clk 0:10:30]} Bxa7 {[%clk 0:11:08]} 67. a6 {[%clk 0:10:34]} c1=Q
{[%clk 0:11:09]} 68. Bxc1 {[%clk 0:10:38]} Rxc1 0-1

[Event "Portugal Open Semirrapidas"]
[Site "Lisboa POR"]
[Date "2020.02.02"]
[Round "4.24"]
[White "GONCALVES, Samuel"]
[Black "FIDALGO, Andre Neves"]
[Result "0-1"]
[BlackElo "2190"]
[WhiteElo "1883"]
[LiveChessVersion "1.4.8"]

1. e4 {[%clk 0:15:08]} c5 {[%clk 0:15:09]} 2. Nf3 {[%clk 0:15:12]} Nc6
{[%clk 0:15:14]} 3. Bb5 {[%clk 0:15:14]} g6 {[%clk 0:15:17]} 4. O-O
{[%clk 0:15:03]} Bg7 {[%clk 0:15:21]} 5. Qe2 {[%clk 0:15:02]} e5 {[%clk 0:15:19]}
6. c3 {[%clk 0:15:03]} Nge7 {[%clk 0:15:21]} 7. Rd1 {[%clk 0:15:03]} O-O
{[%clk 0:15:17]} 8. d3 {[%clk 0:14:46]} a6 {[%clk 0:15:16]} 9. Bxc6
{[%clk 0:14:44]} Nxc6 {[%clk 0:15:20]} 10. Be3 {[%clk 0:14:47]} d6
{[%clk 0:15:24]} 11. h3 {[%clk 0:14:51]} f5 {[%clk 0:14:12]} 12. Na3
{[%clk 0:14:25]} f4 {[%clk 0:14:10]} 13. Bd2 {[%clk 0:14:28]} b5 {[%clk 0:14:06]}
14. Nc2 {[%clk 0:14:30]} g5 {[%clk 0:14:09]} 15. a4 {[%clk 0:14:29]} Rb8
{[%clk 0:13:56]} 16. d4 {[%clk 0:14:07]} Qe7 {[%clk 0:12:46]} 17. axb5
{[%clk 0:13:22]} axb5 {[%clk 0:12:50]} 18. d5 {[%clk 0:13:25]} Nd8
{[%clk 0:12:45]} 19. b4 {[%clk 0:13:29]} c4 {[%clk 0:12:46]} 20. Ra5
{[%clk 0:13:29]} h5 {[%clk 0:12:41]} 21. Rda1 {[%clk 0:12:59]} g4
{[%clk 0:12:42]} 22. Nfe1 {[%clk 0:12:37]} Qh4 {[%clk 0:11:10]} 23. Ra8
{[%clk 0:11:19]} Rxa8 24. Rxa8 {[%clk 0:11:22]} Bd7 {[%clk 0:10:54]} 25. Ra7
{[%clk 0:11:02]} Rf7 {[%clk 0:10:54]} 26. hxg4 {[%clk 0:09:59]} hxg4
{[%clk 0:10:58]} 27. g3 {[%clk 0:08:56]} fxg3 {[%clk 0:10:20]} 28. fxg3
{[%clk 0:08:59]} Qxg3+ {[%clk 0:10:14]} 29. Qg2 {[%clk 0:09:02]} Qxg2+
{[%clk 0:09:41]} 30. Kxg2 {[%clk 0:09:06]} Bf5 {[%clk 0:09:08]} 31. Rxf7
{[%clk 0:08:45]} Bxe4+ {[%clk 0:09:12]} 32. Kg3 {[%clk 0:08:49]} Kxf7
{[%clk 0:09:15]} 33. Na3 {[%clk 0:08:44]} Bxd5 {[%clk 0:09:02]} 34. Nxb5
{[%clk 0:08:47]} Bf8 {[%clk 0:09:06]} 35. Kxg4 {[%clk 0:08:26]} Bc6
{[%clk 0:08:29]} 36. Na3 {[%clk 0:08:29]} d5 {[%clk 0:08:30]} 37. Nf3
{[%clk 0:08:29]} Ke6 {[%clk 0:08:21]} 38. Be3 {[%clk 0:08:01]} Bd7
{[%clk 0:07:56]} 39. Kg3 {[%clk 0:07:43]} Nc6 {[%clk 0:07:49]} 40. Ng5+
{[%clk 0:07:32]} Kf5 {[%clk 0:07:52]} 41. Nc2 {[%clk 0:07:27]} d4
{[%clk 0:07:26]} 42. b5 {[%clk 0:06:31]} dxe3 {[%clk 0:07:04]} 43. bxc6
{[%clk 0:06:34]} Bxc6 {[%clk 0:07:08]} 44. Nf3 {[%clk 0:03:48]} Bc5
{[%clk 0:07:12]} 45. Nce1 {[%clk 0:03:23]} Ba4 {[%clk 0:05:19]} 46. Ng2
{[%clk 0:03:18]} Bd1 {[%clk 0:05:16]} 47. Ngh4+ {[%clk 0:03:04]} Ke4
{[%clk 0:05:11]} 48. Ng5+ {[%clk 0:03:06]} Kd3 {[%clk 0:05:12]} 49. Ng2
{[%clk 0:03:09]} Bb6 {[%clk 0:04:48]} 50. Nf7 {[%clk 0:02:59]} Bc7
{[%clk 0:04:37]} 0-1

[Event "Portugal Open Semirrapidas"]
[Site "Lisboa POR"]
[Date "2020.02.02"]
[Round "4.25"]
[White "HULSHOF, Peter"]
[Black "DURAO, Miguel"]
[Result "1/2-1/2"]
[BlackElo "1876"]
[WhiteElo "2190"]
[LiveChessVersion "1.4.8"]

1. e4 {[%clk 0:14:40]} c5 {[%clk 0:15:08]} 2. Nc3 {[%clk 0:14:43]} Nc6
{[%clk 0:15:06]} 3. g3 {[%clk 0:14:45]} g6 {[%clk 0:15:07]} 4. Bg2
{[%clk 0:14:49]} Bg7 {[%clk 0:15:10]} 5. d3 {[%clk 0:14:52]} e6 {[%clk 0:14:50]}
6. f4 {[%clk 0:14:43]} Nge7 {[%clk 0:14:53]} 7. Nf3 {[%clk 0:14:45]} O-O
{[%clk 0:14:49]} 8. O-O {[%clk 0:14:23]} d5 {[%clk 0:14:51]} 9. e5
{[%clk 0:14:25]} b6 {[%clk 0:14:04]} 10. Re1 {[%clk 0:14:27]} a6 {[%clk 0:13:27]}
11. Ne2 {[%clk 0:14:26]} d4 {[%clk 0:12:35]} 12. Ng5 {[%clk 0:12:43]} Rb8
{[%clk 0:10:42]} 13. c4 {[%clk 0:12:25]} dxc3 {[%clk 0:10:36]} 14. bxc3
{[%clk 0:12:30]} Bb7 {[%clk 0:09:48]} 15. Ne4 {[%clk 0:12:33]} Na7
{[%clk 0:08:57]} 16. Be3 {[%clk 0:12:12]} Nd5 {[%clk 0:06:44]} 17. Bf2
{[%clk 0:12:15]} Qe7 {[%clk 0:06:47]} 18. g4 {[%clk 0:10:57]} f5 {[%clk 0:06:26]}
19. exf6 {[%clk 0:11:01]} Nxf6 {[%clk 0:06:26]} 20. Nxf6+ {[%clk 0:10:31]} Qxf6
{[%clk 0:05:55]} 21. Bxb7 {[%clk 0:10:18]} Rxb7 {[%clk 0:05:59]} 22. Qb3
{[%clk 0:10:22]} Kh8 {[%clk 0:05:25]} 23. Bg3 {[%clk 0:09:27]} Rd8
{[%clk 0:04:08]} 24. Rad1 {[%clk 0:09:31]} Nc6 {[%clk 0:03:59]} 25. Qa4
{[%clk 0:09:08]} Nb8 {[%clk 0:03:46]} 26. Qc4 {[%clk 0:08:31]} Rd5
{[%clk 0:03:19]} 27. Qe4 {[%clk 0:07:53]} Rbd7 {[%clk 0:03:01]} 28. c4
{[%clk 0:07:47]} R5d6 {[%clk 0:02:21]} 29. f5 {[%clk 0:07:51]} e5
{[%clk 0:02:02]} 30. Nc3 {[%clk 0:07:17]} gxf5 {[%clk 0:01:43]} 31. gxf5
{[%clk 0:06:51]} Rd4 {[%clk 0:01:47]} 32. Qxe5 {[%clk 0:06:31]} Qxe5
{[%clk 0:01:44]} 33. Bxe5 {[%clk 0:06:36]} Bxe5 {[%clk 0:01:21]} 34. Rxe5
{[%clk 0:06:40]} Nc6 {[%clk 0:01:26]} 35. Re8+ {[%clk 0:06:40]} Kg7
{[%clk 0:01:30]} 36. Nd5 {[%clk 0:06:40]} Nb4 {[%clk 0:01:18]} 37. Nxb4
{[%clk 0:05:45]} cxb4 {[%clk 0:01:22]} 38. Re6 {[%clk 0:05:49]} Rxd3
{[%clk 0:01:20]} 39. Rxd3 {[%clk 0:05:53]} Rxd3 {[%clk 0:01:24]} 40. Rxb6
{[%clk 0:05:57]} Rd1+ {[%clk 0:01:24]} 41. Kg2 {[%clk 0:05:59]} Rd2+
{[%clk 0:01:27]} 42. Kg3 {[%clk 0:06:03]} Rxa2 {[%clk 0:01:31]} 43. Rxb4
{[%clk 0:06:07]} a5 {[%clk 0:01:35]} 44. Rb6 {[%clk 0:06:08]} a4 {[%clk 0:01:38]}
45. Ra6 {[%clk 0:06:13]} a3 {[%clk 0:01:39]} 46. c5 {[%clk 0:05:56]} Rc2
{[%clk 0:01:39]} 47. Rxa3 {[%clk 0:05:54]} Rxc5 {[%clk 0:01:43]} 48. Rf3
{[%clk 0:05:44]} Kf6 {[%clk 0:01:44]} 49. Kg4 {[%clk 0:05:42]} Rc2
{[%clk 0:01:30]} 50. h4 {[%clk 0:05:41]} Rg2+ {[%clk 0:01:30]} 51. Kf4
{[%clk 0:05:33]} Rh2 {[%clk 0:01:33]} 52. Kg3 {[%clk 0:05:37]} Rh1
{[%clk 0:01:34]} 53. Kg4 {[%clk 0:04:56]} Rg1+ {[%clk 0:01:31]} 54. Kh5
{[%clk 0:04:58]} Rg7 {[%clk 0:00:36]} 55. Kh6 {[%clk 0:04:36]} Rg4
{[%clk 0:00:35]} 56. h5 {[%clk 0:04:28]} Rg5 {[%clk 0:00:24]} 57. Rf2
{[%clk 0:04:21]} Rg7 {[%clk 0:00:22]} 58. Ra2 {[%clk 0:04:24]} Rf7
{[%clk 0:00:20]} 59. Ra5 {[%clk 0:04:14]} Rc7 {[%clk 0:00:14]} 60. Ra8
{[%clk 0:04:03]} Kxf5 {[%clk 0:00:15]} 61. Rf8+ {[%clk 0:04:06]} Ke6
{[%clk 0:00:15]} 62. Rh8 {[%clk 0:04:06]} Rf7 {[%clk 0:00:18]} 63. Rxh7
{[%clk 0:04:03]} Rxh7+ {[%clk 0:00:22]} 64. Kxh7 {[%clk 0:04:07]} Kf7
{[%clk 0:00:27]} 65. h6 {[%clk 0:04:10]} Kf8 {[%clk 0:00:31]} 66. Kh8
{[%clk 0:04:15]} Kf7 {[%clk 0:00:35]} 67. h7 {[%clk 0:04:19]} Kf8
{[%clk 0:00:40]} 1/2-1/2